| 000 | 03503nam a2200325 a 4500 | ||
|---|---|---|---|
| 001 | 000008150 | ||
| 005 | 20250624095821.0 | ||
| 008 | 090915t1995 dr c 001 j spa d | ||
| 040 |
_aDO-SdBNP _bspa _cBNPHU |
||
| 082 |
_aRD863.4408 _bA634c |
||
| 245 | 0 | 0 |
_aAntología del cuento psicológico de la República Dominicana / _ccompilación, introducción y notas Domingo Hernández Contreras ; prólogo Antonio Zaglul, Josefina Záiter de Zaglul. |
| 260 |
_aSanto Domingo : _bUniversidad Iberoamericana , _c1995. |
||
| 300 |
_a272 p. ; _c27 cm. |
||
| 490 | 1 |
_aTextos Universitarios _v9 |
|
| 500 | _aIncluye índice de autores | ||
| 504 | _aIncluye referencias bibliográficas y notas al pie de las páginas. | ||
| 504 | _aBibliografía : p. 263-268 | ||
| 505 | 0 | _aPrólogo psicológico -- Introducción -- Escritores precursores del cuento psicológico : Fabio Fiallo / Ernesto de Anquises -- Manuel Antonio Patín Maceo / El sofá -- Renato de Soto / Antojo femenino -- José Ramón López / El loco -- Manuel F. Cestero / La verdad es amarga como el alóe -- Escritores de transición del cuento psicológico : Carmen Stengre / El ciempiés -- Ramón Marero Aristy / Una razón -- Ángel A. Hernández Acosta / Mi amigo Pedro -- Carmen Lara Fernández / El ladrón -- -- Juan A. Vicioso V. / Ironías del destino -- Enrique Cotubanama Henríquez / El pájaro -- José Mariano Sanz Lajara / Los pasos venían detrás -- Sócrates Nolasco / Don Sebastián se entusiasma -- Freddy Miller Otero / El lago de los patos -- Tomás Hernández Franco / El presidente -- Lorenzo Justiniano Bobea / Contrariado -- Manuel de Jesús Troncoso de la Concha / Una decepción -- Miguel Ángel Jiménez / Honor trinitario -- | |
| 505 | 0 | _aEscritores contemporáneos del cuento psicológico : Arturo Rodríguez Fernández / El final de los héroes -- Virgilio Díaz Grullón / Edipo -- René del Risco Bermúdez / El cuarto.-- Armando Almánzar Rodríguez / Infancia feliz -- José Alcántara Almánzar / La obsesión de Eva -- Otto Oscar Milaneses / Avenida soledad y noche de callejas -- Bonaparte Gautreaux Pieyro / Esa maldita fila -- -- Iván García / Vivir es buena razón -- José Enrique García / Oficio de ocioso -- Juan Bosch / El algarrobo -- Ramón Lacay Polanco / El hijo -- Ángel Rafael Lamarche / Pero él era así -- Santiago Estrella Veloz / Un idiota -- Luis Martín Gómez / Ana la princesa -- Virgilio Hoepelman / El perro del hortelano -- Hilma Contreras / El cumpleaños de Vitalina -- José Ulises Franco / La tragedia de un hombre celoso -- Néstor Caro / Un hombre de la calle -- Ramón Francisco / La moneda gastada -- Miguel Alfonseca / El hombre que cruza la esquina -- Daniel Baruc Espinal / Víspera de la víspera -- Marcio Veloz Maggiolo /La fértil agonía del amor -- Roberto Marcalle Abreu / El minúsculo infierno del señor Lucas -- Diógenes Valdez / Todo puede suceder un día -- índice de autores -- Bibliografía -- índice general. | |
| 590 | _aInventariado, 2018/BT | ||
| 650 | 4 |
_aCuentos dominicanos _xColecciones _9503 |
|
| 650 | 0 |
_aLiteratura dominicana. _967 |
|
| 650 | 4 |
_aPsicologia en la literatura _922123 |
|
| 651 | 4 |
_aRepública Dominicana _xAntologías Literarias _922124 |
|
| 700 | 1 |
_aHernández Contreras, Domingo, _d1963- _ecomp. _922125 |
|
| 700 | 1 |
_aZaglul, Antonio, _d1920-1996 _epról. _969657 |
|
| 700 | 1 |
_aZáiter Mejía, Alba Josefina _epról. _92002 |
|
| 830 | 0 |
_aTextos Univesitarios ; _n9 _922127 |
|
| 910 | _aValidado. Control de calidad. MMOLINA | ||
| 999 |
_c7927 _d7927 |
||